000 03008nam a22003017a 4500
005 20211028084217.0
008 130821s1775 fr fr 01 lat
040 _aCo-BoUCM
_bspa
_cSandra Yazo (modificó)
_dSandra Yazo (modificó)
041 0 0 _alat
092 _aE58N009
100 1 _aTito Livio
_9858
_d59 a.C.-17 d.C.
242 _aDesde la fundación de la Ciudad
_cde Tito Livio Patavino ; Revisado por J. N. Lallemand
_yspa
245 1 0 _aHistoriarum ab Urbe Condita libri qui supersunt XXXV
_cTiti Livii Patavini ; recensuit J. N. Lallemand
260 _aParisiis [París] (Francia)
_bTypis Barbou [En los talleres de Barbou]
_c1775
300 _a7 volúmenes (lii, 588 ; 516 ; 528 ; 528 ; 523 ; 520 ; 560 páginas)
_c16 x 10 cm.
500 _aDetalles físicos: Encuadernación rígida, en cartón forrado en cuero. Lomo con tejuelo y adornos en dorado. Tapas con recuadros en dorado. Cantos y cortes decorados con dorado. Guardas en papel de agua, la delantera con exlibris. Hoja de cortesía. V.1 Ej.1 con un frontispicio (busto del autor). Portada impresa en una sola tinta con un pequeño grabado. Texto impreso en una sola columna, anotaciones al margen. Signaturas. Algunas cenefas y remates sencillos. Ejemplares en buen estado de conservación. Ej.1 se conservan en el Archivo Historico.
505 0 _aV.1 Ej.1: Al lector ; Prefacio de Jean-Baptiste-Louis Crevier ; Dos fragmentos de Livio sobre Cicerón ; Fragmento de Livio sobre Catón y sobre Sertorio ; Resumen del primer libro de Livio ; Prefacio de la obra ; Libros I-V ; Notas ; Índice temático -- V.2 Ej.1: Libro 6 -20 ; Notas -- V.3 Ej.1: Libro 21-25 ; Notas -- V.4 Ej.1: Libro 26-30 ; Notas -- V.5 Ej.1: Libro 30 – 35 ; Notas -- V.6 Ej.1: Libro 36 – 40 ; Notas -- V.7 Ej.1: Libro 41 – 45
506 _aConsulta en sala
546 _aTexto en latín
651 0 4 _928983
_aRoma (Roma)
_xHistoria
690 _aHistoria de Europa
_926509
700 1 _aLallemand, Jean-Nicolas
_eeditor
_9102738
856 4 8 _uhttps://books.google.com.co/books?id=QxdRAAAAcAAJ&printsec=frontcover&dq=Historiarum+ab+urbe+condita+libri+qui+supersunt+1775&hl=es&sa=X&ved=2ahUKEwic8YTH563wAhWeRTABHYe_D88Q6AEwAXoECAAQAg#v=onepage&q=Historiarum%20ab%20urbe%20condita%20libri%20qui%20supersunt%201775&f=false
_zDisponible en línea V.7
856 4 8 _uhttps://books.google.com.co/books?id=t5oOAAAAQAAJ&printsec=frontcover&dq=Historiarum+ab+urbe+condita+libri+qui+supersunt+1775&hl=es&sa=X&ved=2ahUKEwiJuZD0563wAhX_VTABHVXiBMoQ6AEwBXoECAUQAg#v=onepage&q=Historiarum%20ab%20urbe%20condita%20libri%20qui%20supersunt%201775&f=false
_zDisponible en línea V.6
856 4 8 _uhttps://books.google.com.co/books?id=1a0NAAAAQAAJ&printsec=frontcover&dq=Historiarum+ab+urbe+condita+libri+qui+supersunt+1775&hl=es&sa=X&ved=2ahUKEwiJuZD0563wAhX_VTABHVXiBMoQ6AEwBnoECAMQAg#v=onepage&q=Historiarum%20ab%20urbe%20condita%20libri%20qui%20supersunt%201775&f=false
_zDisponible en línea V.2
942 _cLIBRO
_a21
_e1
_n0
_2LOCAL
_h937
_mL49h
999 _c87753
_d87753